| 000 | 00527nam a2200169Ia 4500 | ||
|---|---|---|---|
| 008 | 140626s9999 xx 000 0 und d | ||
| 100 | _aWatson, Louise. | ||
| 245 |
_aPrivate tutoring in Australia : _b international trends and recent developments / _cLouise Watson. |
||
| 260 | _cc2009. | ||
| 300 | _a1 : 2, page 1 | ||
| 440 | _aThe Asian Journal of Educational Research and Synergy | ||
| 521 | _aSPED | ||
| 650 | _aAustralia. | ||
| 650 | _aPrivate tutoring. | ||
| 650 | _aPublic and private expenditure. | ||
| 942 | _cSE | ||
| 999 |
_c120928 _d120928 |
||